Stable mappings and their singularities

Uloženo v:
Podrobná bibliografie
Hlavní autoři: Golubitsky, Martin (Autor), Gullemin, V (Autor)
Médium: Kniha
Jazyk:angličtina
Vydáno: Nueva York Springer-Verlag 1973
Edice:Graduate Texts in Mathematics, 14
Témata:
Tagy: Přidat tag
Žádné tagy, Buďte první, kdo vytvoří štítek k tomuto záznamu!

MARC

LEADER 00000nam a2200000 a 4500
001 UCP3017
003 CL-VaPUC
008 990604e19730000US |||||||||||||||||eng|d
082 0 4 |a 516.36  |b GOL  |2 21 
100 |a Golubitsky, Martin  |e author  |9 426820 
700 0 |a Gullemin, V  |e author  |9 430090 
245 1 0 |a Stable mappings and their singularities 
300 |a 209 p 
942 |c BK 
945 |d 19990604 00:00:00  |a crobeson 
260 |a Nueva York  |b Springer-Verlag  |c 1973 
650 0 |a Variedades diferenciales  |9 270032 
650 0 |a Variedades  |9 393868 
650 7 |a SINGULARIDADES  |2 CL-VaPUC  |9 425616 
650 0 |a Geometría diferencial   |9 315147 
583 |a last modification  |c 19990604 00:00:00  |k Rodrigo Vera 
490 0 |a Graduate Texts in Mathematics, 14 
999 |c 281466  |d 281464 
952 |0 0  |1 0  |4 0  |6 516_360000000000000_GOL_1973  |7 0  |8 A  |9 322214  |a BIBMAT  |b BIBMAT  |d 2019-11-20  |i 1347330  |o 516.36 GOL 1973  |p 1347330  |r 2025-01-07  |w 2019-11-20  |y BK  |k MAT